[Event "European Blitz 2011"]
[Site "Warsaw POL"]
[Date "2011.12.16"]
[Round "1"]
[White "Koper, Ireneusz"]
[Black "Nepomniachtchi, Ian"]
[Result "0-1"]
[BlackTitle "GM"]
[WhiteElo "2023"]
[BlackElo "2730"]
[WhiteFideId "1110365"]
[BlackFideId "4168119"]
[EventDate "2011.12.16"]

1. e4 e6 2. d4 d5 3. Nd2 a5 4. Bd3 a4 5. e5 c5 6. c3 Nc6 7. Ne2 Qb6 8. Nf3 Bd7
9. O-O cxd4 10. cxd4 Nb4 11. Bb1 Bb5 12. Be3 Ne7 13. Re1 Nf5 14. Bxf5 exf5 15.
a3 Nd3 16. Rf1 Nxb2 17. Qd2 Nc4 0-1

[Event "European Blitz 2011"]
[Site "Warsaw POL"]
[Date "2011.12.16"]
[Round "1"]
[White "Audin, Thierry"]
[Black "Bacrot, Etienne"]
[Result "0-1"]
[BlackTitle "GM"]
[WhiteElo "2022"]
[BlackElo "2714"]
[WhiteFideId "206075"]
[BlackFideId "605506"]
[EventDate "2011.12.16"]

1. d4 Nf6 2. Nc3 d5 3. Bg5 c6 4. Nf3 Bf5 5. Bxf6 exf6 6. e3 Be6 7. Bd3 f5 8. Nd2
Bd6 9. Qf3 g6 10. h4 Nd7 11. Ne2 Qb6 12. O-O Nf6 13. c4 Qxb2 14. Rfd1 Qa3 15.
Nc1 Qa5 16. Ncb3 Qc7 17. cxd5 Bxd5 18. Qe2 O-O 19. Nc4 Rae8 20. Nxd6 Qxd6 21.
Nd2 Ng4 22. g3 Rxe3 23. fxe3 Qxg3+ 0-1

[Event "European Blitz 2011"]
[Site "Warsaw POL"]
[Date "2011.12.16"]
[Round "1"]
[White "Spicak, Krzysztof"]
[Black "Movsesian, Sergei"]
[Result "0-1"]
[BlackTitle "GM"]
[WhiteElo "2016"]
[BlackElo "2710"]
[WhiteFideId "1106546"]
[BlackFideId "310204"]
[EventDate "2011.12.16"]

1. e4 c5 2. Nc3 e6 3. f4 a6 4. a4 d5 5. d3 Nf6 6. e5 Nfd7 7. Nf3 Nc6 8. g3 f6 9.
exf6 Nxf6 10. Bg2 Bd6 11. O-O O-O 12. Re1 Qc7 13. Bd2 Bd7 14. Ne2 Rae8 15. d4
Ne4 16. Be3 Ne7 17. c3 Nf5 18. Bf2 b5 0-1

[Event "European Blitz 2011"]
[Site "Warsaw POL"]
[Date "2011.12.16"]
[Round "1"]
[White "Movsesian, Sergei"]
[Black "Spicak, Krzysztof"]
[Result "1-0"]
[WhiteTitle "GM"]
[WhiteElo "2710"]
[BlackElo "2016"]
[WhiteFideId "310204"]
[BlackFideId "1106546"]
[EventDate "2011.12.16"]

1. e4 e6 2. d4 d5 3. e5 c5 4. c3 Qb6 5. Nf3 Nc6 6. Be2 cxd4 7. cxd4 Bb4+ 8. Kf1
Bd7 9. h4 Be7 10. h5 f6 11. Nc3 fxe5 12. dxe5 Nh6 13. Bxh6 gxh6 14. Qd2 Bf8 15.
Rh4 Bg7 16. Na4 Qd8 17. Rg4 Qe7 18. Qe3 b6 19. Nc3 O-O-O 20. Nb5 Rhf8 21. Nxa7+
Nxa7 22. Qxb6 Bc6 23. Rc1 Rf7 24. Ba6+ Kd7 25. Qxa7+ Ke8 26. Qxe7+ Rxe7 27. Rxc6 1-0

[Event "European Blitz 2011"]
[Site "Warsaw POL"]
[Date "2011.12.16"]
[Round "1"]
[White "Szmidt, Przemyslaw"]
[Black "Wojtaszek, Radoslaw"]
[Result "0-1"]
[BlackTitle "GM"]
[WhiteElo "2015"]
[BlackElo "2705"]
[WhiteFideId "1129848"]
[BlackFideId "1118358"]
[EventDate "2011.12.16"]

1. e4 c5 2. a3 Nc6 3. b4 cxb4 4. axb4 Nxb4 5. c3 Nc6 6. d4 d6 7. Nf3 Nf6 8. Bc4
e6 9. Qe2 Be7 10. e5 dxe5 11. dxe5 Nd5 12. O-O Nb6 13. Bd3 Bd7 14. Rd1 Qc7 15.
Bf4 h6 16. Na3 a6 17. Nc2 Rc8 18. Ncd4 Nd5 19. Bd2 Nxd4 20. cxd4 Bc6 21. Rdc1
Qd7 22. h3 Nb4 23. Be4 Bxe4 24. Qxe4 Nd5 25. Nh2 O-O 26. Ng4 f5 27. exf6 Nxf6
28. Nxh6+ gxh6 29. Qg6+ Kh8 30. Qxh6+ Nh7 31. Rxc8 Rxc8 32. Ra5 Bf8 33. Qh4 Qf7
34. Rh5 Be7 35. Qg4 Rg8 36. Qe2 Qg6 37. g3 Bf8 38. Bf4 Bg7 39. Be5 b5 40. Rh4 b4
41. Rg4 Qf5 42. Qxa6 Bxe5 43. Qc8 Nf8 44. dxe5 b3 45. Qb8 Qb1+ 46. Kh2 Qc2 47.
Qb6 b2 48. Qe3 b1=Q 0-1

[Event "European Blitz 2011"]
[Site "Warsaw POL"]
[Date "2011.12.16"]
[Round "1"]
[White "Nepomniachtchi, Ian"]
[Black "Koper, Ireneusz"]
[Result "1-0"]
[WhiteTitle "GM"]
[WhiteElo "2730"]
[BlackElo "2023"]
[WhiteFideId "4168119"]
[BlackFideId "1110365"]
[EventDate "2011.12.16"]

1. d4 Nf6 2. c4 g6 3. g3 Bg7 4. Bg2 O-O 5. Nf3 Nc6 6. O-O a6 7. Nc3 d6 8. h3 Rb8
9. e4 b5 10. cxb5 axb5 11. Re1 e5 12. d5 Na5 13. b4 Nc4 14. Qb3 Bd7 15. a4 Qe8
16. a5 c6 17. Nd2 cxd5 18. exd5 Nxd2 19. Bxd2 Rc8 20. a6 Qd8 21. Bf1 Qc7 22.
Nxb5 Bxb5 23. Bxb5 Qc2 24. Qxc2 Rxc2 25. Bc6 Rxd2 26. a7 Nxd5 27. a8=Q Rxa8 28.
Rxa8+ Bf8 29. b5 Nb6 30. Rb8 Nc4 31. Rc1 d5 32. Bxd5 Rxd5 33. Rxc4 Kg7 34. b6
Bc5 35. b7 Bd6 36. Rd8 Rd1+ 37. Kg2 Rb1 38. Rd7 Bb8 39. Rc8 Ba7 40. Ra8 Bd4 41.
b8=Q Rg1+ 1-0

[Event "European Blitz 2011"]
[Site "Warsaw POL"]
[Date "2011.12.16"]
[Round "1"]
[White "Riazantsev, Alexander"]
[Black "Armstrong, Malcolm J"]
[Result "1-0"]
[WhiteTitle "GM"]
[WhiteElo "2710"]
[BlackElo "2016"]
[WhiteFideId "4125029"]
[BlackFideId "409049"]
[EventDate "2011.12.16"]

1. d4 d5 2. c4 e6 3. Nc3 Be7 4. Nf3 Nf6 5. Bg5 O-O 6. Qc2 c6 7. e3 Nbd7 8. Bd3
Re8 9. O-O Nf8 10. Ne5 a6 11. f4 c5 12. cxd5 Nxd5 13. Nxd5 Bxg5 14. fxg5 exd5
15. Rxf7 Qxg5 16. Qf2 Ne6 17. Rf1 cxd4 18. exd4 b5 19. h4 Qh6 1-0

[Event "European Blitz 2011"]
[Site "Warsaw POL"]
[Date "2011.12.16"]
[Round "1"]
[White "Bacrot, Etienne"]
[Black "Audin, Thierry"]
[Result "1-0"]
[WhiteTitle "GM"]
[WhiteElo "2714"]
[BlackElo "2022"]
[WhiteFideId "605506"]
[BlackFideId "206075"]
[EventDate "2011.12.16"]

1. d4 d5 2. Nf3 Nc6 3. g3 Bg4 4. Bg2 f6 5. h3 Bh5 6. g4 Bf7 7. Bf4 e6 8. O-O Bd6
9. Bxd6 Qxd6 10. Nbd2 h5 11. g5 Nge7 12. c4 e5 13. dxe5 fxe5 14. cxd5 Bxd5 1-0

[Event "European Blitz 2011"]
[Site "Warsaw POL"]
[Date "2011.12.16"]
[Round "2"]
[White "Movsesian, Sergei"]
[Black "Doluhanova, Evgeniya"]
[Result "1-0"]
[WhiteTitle "GM"]
[BlackTitle "WGM"]
[WhiteElo "2710"]
[BlackElo "2276"]
[WhiteFideId "310204"]
[BlackFideId "14112035"]
[EventDate "2011.12.16"]

1. e4 c5 2. d3 d5 3. Nd2 Nc6 4. g3 dxe4 5. dxe4 e5 6. Bg2 Nf6 7. Ngf3 h6 8. O-O
Be6 9. c3 Qc7 10. Qe2 Be7 11. Nc4 O-O 12. Nh4 Nd7 13. Nf5 Bxf5 14. exf5 Bf6 15.
a4 Nb6 16. Nd2 Rad8 17. Ne4 Qe7 18. Be3 Nd7 19. Rad1 Ncb8 20. Rd5 b6 21. Rfd1
Nc6 22. Bxh6 gxh6 23. Rxd7 1-0

[Event "European Blitz 2011"]
[Site "Warsaw POL"]
[Date "2011.12.16"]
[Round "2"]
[White "Wlodarczyk, Robert"]
[Black "Wojtaszek, Radoslaw"]
[Result "0-1"]
[WhiteTitle "FM"]
[BlackTitle "GM"]
[WhiteElo "2264"]
[BlackElo "2705"]
[WhiteFideId "1102710"]
[BlackFideId "1118358"]
[EventDate "2011.12.16"]

1. c4 Nf6 2. g3 c6 3. Bg2 d5 4. Nf3 dxc4 5. a4 Na6 6. O-O Nc5 7. Na3 Be6 8. Qc2
Nb3 9. Rb1 Nd4 10. Nxd4 Qxd4 11. d3 cxd3 12. exd3 Bd5 13. Be3 Qg4 14. Nc4 Bxg2
15. Kxg2 Nd5 16. Ne5 Qe6 17. d4 f6 18. Nc4 Qd7 19. b4 e6 20. b5 Be7 21. bxc6
Qxc6 22. Kg1 O-O 23. Rfc1 b6 24. Qe4 Qd7 25. Bd2 Rac8 26. Ne3 Rfd8 27. Re1 Rc6
28. Rb5 Bf8 29. Nxd5 exd5 30. Qf3 Rc4 0-1

[Event "European Blitz 2011"]
[Site "Warsaw POL"]
[Date "2011.12.16"]
[Round "2"]
[White "Toma, Katarzyna"]
[Black "Nepomniachtchi, Ian"]
[Result "0-1"]
[WhiteTitle "WIM"]
[BlackTitle "GM"]
[WhiteElo "2297"]
[BlackElo "2730"]
[WhiteFideId "1119907"]
[BlackFideId "4168119"]
[EventDate "2011.12.16"]

1. e4 c5 2. Nf3 d6 3. d4 Nf6 4. Nc3 cxd4 5. Nxd4 a6 6. Be2 e5 7. Nf3 h6 8. a4
Be6 9. O-O Nbd7 10. a5 Rc8 11. Re1 Be7 12. Be3 Rxc3 13. bxc3 Nxe4 14. c4 O-O 15.
Qb1 Qc7 16. Qb4 Rc8 17. Reb1 Nec5 18. Nd2 f5 19. f4 g5 20. g3 Kh7 21. Kf2 gxf4
22. gxf4 d5 23. cxd5 Bxd5 24. Qb2 Bh4+ 25. Kf1 Rg8 26. Bf3 Qc6 27. Bxd5 Qxd5 28.
Ke2 Rg2+ 29. Kd1 Rxd2+ 30. Bxd2 Qf3+ 0-1

[Event "European Blitz 2011"]
[Site "Warsaw POL"]
[Date "2011.12.16"]
[Round "2"]
[White "Wojtaszek, Radoslaw"]
[Black "Wlodarczyk, Robert"]
[Result "1-0"]
[WhiteTitle "GM"]
[BlackTitle "FM"]
[WhiteElo "2705"]
[BlackElo "2264"]
[WhiteFideId "1118358"]
[BlackFideId "1102710"]
[EventDate "2011.12.16"]

1. Nf3 f5 2. d4 Nf6 3. g3 g6 4. Bg2 Bg7 5. O-O O-O 6. b4 Nc6 7. c3 d5 8. a4 Be6
9. Ba3 h6 10. b5 Na5 11. Ne5 Kh7 12. Bb4 b6 13. Nd2 Ne4 14. Nxe4 fxe4 15. Bxa5
Bxe5 16. dxe5 bxa5 17. Qd4 Rf5 18. Bh3 Qe8 19. Bxf5 gxf5 20. f4 Qh5 21. e3 Qh3
22. Qc5 Rg8 23. Ra2 Rg7 24. Rg2 h5 25. Rff2 Qg4 26. Qd4 Bf7 27. Qd2 Qg6 28. h3
Be6 29. Kh2 Qe8 30. Qd4 Qb8 31. Rc2 Qb6 32. Rgd2 Rg8 33. Rg2 Kh6 34. Rgd2 Rd8
35. c4 Rd7 1-0

[Event "European Blitz 2011"]
[Site "Warsaw POL"]
[Date "2011.12.16"]
[Round "2"]
[White "Riazantsev, Alexander"]
[Black "Licznerski, Lukasz"]
[Result "1-0"]
[WhiteTitle "GM"]
[WhiteElo "2710"]
[BlackElo "2271"]
[WhiteFideId "4125029"]
[BlackFideId "1179250"]
[EventDate "2011.12.16"]

1. d4 Nf6 2. c4 c5 3. d5 b5 4. cxb5 a6 5. e3 axb5 6. Bxb5 Qa5+ 7. Nc3 g6 8. a4
Bg7 9. Bd2 O-O 10. Nf3 d6 11. O-O Ba6 12. e4 Nbd7 13. h3 Rfb8 14. Re1 Bxb5 15.
Nxb5 Qb6 16. Bc3 Ne8 17. Bxg7 Kxg7 18. e5 dxe5 19. Nxe5 Nxe5 20. Rxe5 Rb7 21.
Re2 Nd6 22. Nc3 Qb4 23. Qd3 Qd4 24. Qf3 Qf6 25. Qd3 Rab8 26. a5 Ra8 27. a6 Rb6
28. Qe3 Rbxa6 29. Rxa6 Rxa6 30. Qxe7 Qxe7 31. Rxe7 Ra1+ 32. Kh2 Ra6 33. Rc7 Rb6
34. Rc6 Nc4 35. Rxb6 Nxb6 36. Kg3 Kf6 37. Kf4 g5+ 38. Ke4 Ke7 39. Kf5 h6 40. b3
Nc8 41. Ne4 Nb6 42. d6+ Kd7 43. Kf6 c4 44. bxc4 Nxc4 45. Kxf7 1-0

[Event "European Blitz 2011"]
[Site "Warsaw POL"]
[Date "2011.12.16"]
[Round "2"]
[White "Briestensky, Rastislav"]
[Black "Bacrot, Etienne"]
[Result "0-1"]
[WhiteTitle "FM"]
[BlackTitle "GM"]
[WhiteElo "2293"]
[BlackElo "2714"]
[WhiteFideId "14900394"]
[BlackFideId "605506"]
[EventDate "2011.12.16"]

1. e4 e5 2. Nf3 Nc6 3. Bb5 Nf6 4. d3 Bc5 5. O-O Nd4 6. Nxd4 Bxd4 7. c3 Bb6 8.
Be3 O-O 9. c4 d6 10. h3 c6 11. Ba4 Bxe3 12. fxe3 d5 13. exd5 cxd5 14. Bb3 Qb6
15. Qc1 d4 16. c5 Qd8 17. e4 Nh5 18. Na3 Nf4 19. Rxf4 exf4 20. Qxf4 Qe7 21. Rc1
Be6 22. Bd5 Rac8 23. b4 a5 24. Bxe6 fxe6 25. Qe5 axb4 26. Nc4 Rxc5 27. Qxd4 b5 0-1

[Event "European Blitz 2011"]
[Site "Warsaw POL"]
[Date "2011.12.16"]
[Round "2"]
[White "Nepomniachtchi, Ian"]
[Black "Toma, Katarzyna"]
[Result "1-0"]
[WhiteTitle "GM"]
[BlackTitle "WIM"]
[WhiteElo "2730"]
[BlackElo "2297"]
[WhiteFideId "4168119"]
[BlackFideId "1119907"]
[EventDate "2011.12.16"]

1. e4 e5 2. d4 exd4 3. Qxd4 Nc6 4. Qe3 d6 5. Bd2 Nf6 6. Nc3 g6 7. O-O-O Bg7 8.
h4 Be6 9. Nh3 Qd7 10. Nf4 O-O-O 11. Bb5 Rhe8 12. f3 Kb8 13. Nxe6 fxe6 14. Be1
Ng8 15. Kb1 Nge7 16. Bf2 a6 17. Ba4 Qc8 18. h5 b5 19. Bb3 e5 20. hxg6 hxg6 21.
Rh7 Bf6 22. Nd5 Nd4 23. Nxf6 1-0

[Event "European Blitz 2011"]
[Site "Warsaw POL"]
[Date "2011.12.16"]
[Round "3"]
[White "Stupak, Kirill"]
[Black "Dreev, Aleksey"]
[Result "1/2-1/2"]
[WhiteTitle "GM"]
[BlackTitle "GM"]
[WhiteElo "2503"]
[BlackElo "2710"]
[WhiteFideId "13503758"]
[BlackFideId "4100107"]
[EventDate "2011.12.16"]

1. d4 e6 2. c4 Bb4+ 3. Bd2 a5 4. Nf3 Nf6 5. g3 d6 6. Bg2 Nc6 7. O-O e5 8. d5 Ne7
9. Bxb4 axb4 10. Qb3 c5 11. a3 Bd7 12. Nbd2 bxa3 13. Rxa3 Rxa3 14. Qxa3 b5 15.
b4 cxb4 16. Qxb4 Qc7 17. Nxe5 dxe5 18. d6 Nc6 19. dxc7 Nxb4 20. cxb5 Nbd5 21.
Rb1 Nxc7 22. b6 Na6 23. Nc4 Ke7 24. Nxe5 Rb8 25. b7 Nc5 26. Rc1 Ne6 27. Bc6 Nd4
28. Bxd7 Nxd7 29. Nxd7 Rxb7 30. Nc5 Rc7 31. Kf1 Ne6 32. Nd3 Ra7 33. Rb1 f6 34.
Kg2 g5 35. h3 h5 36. Rb6 Kf7 37. Rd6 Rb7 38. Rd5 Ra7 39. h4 Ra2 40. Kf3 Kg6 41.
hxg5 fxg5 42. Ne5+ Kf6 43. Nd7+ Ke7 44. Nc5 Ra3+ 45. e3 Nxc5 46. Rxc5 Kf6 47.
Rc6+ Kg7 48. Ke4 Ra5 49. Rd6 Ra2 50. f4 h4 1/2-1/2

[Event "European Blitz 2011"]
[Site "Warsaw POL"]
[Date "2011.12.16"]
[Round "3"]
[White "Warakomski, Tomasz"]
[Black "Wojtaszek, Radoslaw"]
[Result "0-1"]
[WhiteTitle "IM"]
[BlackTitle "GM"]
[WhiteElo "2492"]
[BlackElo "2705"]
[WhiteFideId "1124552"]
[BlackFideId "1118358"]
[EventDate "2011.12.16"]

1. e4 c5 2. Nf3 d6 3. d4 cxd4 4. Nxd4 Nf6 5. Nc3 a6 6. f4 e5 7. Nf3 Nbd7 8. a4
Be7 9. Bd3 O-O 10. O-O exf4 11. Bxf4 Nc5 12. Qd2 Bg4 13. Nd4 Re8 14. Rae1 Rc8
15. Kh1 Qd7 16. Bg5 Nxd3 17. cxd3 Be6 18. Bxf6 Bxf6 19. Rxf6 gxf6 20. Qh6 Rc5
21. e5 Bf5 22. Rf1 Rcxe5 23. Qxf6 Bg6 24. Qf3 Qe7 25. Nd5 Rxd5 26. Qxd5 Qe5 27.
Qc4 Qe3 28. Qd5 Qxd3 29. Rg1 Re4 0-1

[Event "European Blitz 2011"]
[Site "Warsaw POL"]
[Date "2011.12.16"]
[Round "3"]
[White "Wojtaszek, Radoslaw"]
[Black "Warakomski, Tomasz"]
[Result "1-0"]
[WhiteTitle "GM"]
[BlackTitle "IM"]
[WhiteElo "2705"]
[BlackElo "2492"]
[WhiteFideId "1118358"]
[BlackFideId "1124552"]
[EventDate "2011.12.16"]

1. Nf3 g6 2. c4 Bg7 3. d4 d6 4. Nc3 Bg4 5. e3 c5 6. Be2 Nc6 7. d5 Bxc3+ 8. bxc3
Nb8 9. e4 Nd7 10. O-O Ngf6 11. Qc2 Qc7 12. h3 Bxf3 13. Bxf3 h6 14. Be2 g5 15. a4
O-O-O 16. a5 Rdg8 17. a6 b6 18. Be3 h5 19. f4 gxf4 20. Rxf4 Ne5 21. Raf1 Qd7 22.
Rf5 Ng6 23. Bf2 Rg7 24. Kh2 Rhg8 25. Rg1 Rh8 26. Qd3 Qa4 27. Qf3 Qxa6 28. Rxf6
exf6 29. Qxf6 1-0

[Event "European Blitz 2011"]
[Site "Warsaw POL"]
[Date "2011.12.16"]
[Round "3"]
[White "Bacrot, Etienne"]
[Black "Jaracz, Pawel"]
[Result "1-0"]
[WhiteTitle "GM"]
[BlackTitle "GM"]
[WhiteElo "2714"]
[BlackElo "2542"]
[WhiteFideId "605506"]
[BlackFideId "1102222"]
[EventDate "2011.12.16"]

1. d4 d5 2. c4 dxc4 3. Nf3 Nf6 4. e3 e6 5. Bxc4 a6 6. O-O Nbd7 7. Bb3 b5 8. a4
Bb7 9. Qe2 c5 10. Rd1 Qb8 11. axb5 axb5 12. Rxa8 Bxa8 13. Nc3 b4 14. Na4 cxd4
15. Nxd4 Be7 16. h3 O-O 17. e4 Rd8 18. Bc2 Bd6 19. Nb5 Bh2+ 20. Kh1 Be5 21. Be3
Bc6 22. Na7 Ba8 23. Qc4 Rc8 24. Qxc8+ 1-0

[Event "European Blitz 2011"]
[Site "Warsaw POL"]
[Date "2011.12.16"]
[Round "3"]
[White "Podolchenko, Evgeniy"]
[Black "Riazantsev, Alexander"]
[Result "0-1"]
[WhiteTitle "GM"]
[BlackTitle "GM"]
[WhiteElo "2484"]
[BlackElo "2710"]
[WhiteFideId "13504134"]
[BlackFideId "4125029"]
[EventDate "2011.12.16"]

1. d4 Nf6 2. c4 e6 3. Nc3 Bb4 4. Qc2 d6 5. a3 Bxc3+ 6. Qxc3 Nbd7 7. Nf3 b6 8. g3
Bb7 9. Bh3 c5 10. O-O Rc8 11. b3 d5 12. Ne5 cxd4 13. Qxd4 Nxe5 14. Qxe5 dxc4 15.
bxc4 O-O 16. Bg5 Rc5 17. Bxf6 Qxf6 18. Qxf6 gxf6 19. Rfd1 Ba6 20. Rd7 Bxc4 21.
Rxa7 Bxe2 22. Rb7 b5 23. Bf1 Bxf1 24. Kxf1 Rd8 25. a4 Rd2 26. axb5 Rcc2 27. Ra8+
Kg7 28. Raa7 Rxf2+ 29. Kg1 Rg2+ 30. Kf1 Rxh2 31. Rxf7+ Kg6 32. Kg1 Rcg2+ 33. Kf1
Rb2 34. Kg1 Rhc2 35. Rg7+ Kf5 36. Ra1 Rxb5 37. Rf1+ Ke5 38. Rxh7 Rbb2 39. Rh5+
f5 40. Rf3 Ke4 0-1

[Event "European Blitz 2011"]
[Site "Warsaw POL"]
[Date "2011.12.16"]
[Round "3"]
[White "Jaracz, Pawel"]
[Black "Bacrot, Etienne"]
[Result "1/2-1/2"]
[WhiteTitle "GM"]
[BlackTitle "GM"]
[WhiteElo "2542"]
[BlackElo "2714"]
[WhiteFideId "1102222"]
[BlackFideId "605506"]
[EventDate "2011.12.16"]

1. e4 e5 2. Bc4 c6 3. Nf3 d6 4. O-O Be7 5. d4 exd4 6. Nxd4 Nf6 7. Nc3 O-O 8. Bb3
b5 9. a3 a6 10. Qf3 Re8 11. Nf5 Bf8 12. Bg5 Bxf5 13. Qxf5 Nbd7 14. Rad1 Re5 15.
Qf4 Qb6 16. Qh4 h6 17. Be3 Qc7 18. Bd4 Re7 19. f3 Rae8 20. Qf2 Ne5 21. h3 Nfd7
22. Ne2 Ng6 23. Ng3 c5 24. Be3 c4 25. Ba2 Re5 26. c3 d5 27. f4 Rxe4 28. Nxe4
dxe4 29. f5 Nge5 30. Qg3 Nf6 31. Qh4 Bc5 32. Bxc5 Qxc5+ 33. Kh1 Nd3 34. Bb1 Nd5
35. Qg3 Qe3 36. Qd6 N5f4 37. Bxd3 Nxd3 38. f6 Nf2+ 39. Rxf2 Qxf2 40. Qe7 Ra8 41.
Rd7 Qxf6 42. Qxe4 Rd8 43. Rxd8+ Qxd8 44. Qc6 Qf6 45. Qb7 Kh7 46. Qe4+ g6 47. Qb7
Kg7 48. Qa7 Qf1+ 49. Kh2 Qf4+ 50. Kh1 Qc1+ 51. Kh2 Qf4+ 52. Kh1 Qd6 53. Qe3 h5
54. Qe4 Qf6 55. Qb7 Qe6 56. Qa7 h4 57. Qd4+ Qf6 58. Qe4 g5 59. Qd5 Qf1+ 60. Kh2
Qf4+ 61. Kh1 Kg6 62. Qc6+ Qf6 63. Qe4+ Kh6 64. Qa8 Qe6 65. Qh8+ Kg6 66. Qg8+ Kf6
67. Qd8+ Kf5 68. Qd1 Kg6 69. Qd4 Qf6 70. Qe4+ Kg7 71. Qb7 Qd6 72. Qe4 Qd1+ 73.
Kh2 Qf1 74. Qc6 Qf6 75. Qd5 Kh6 76. Qa8 Qd6+ 77. Kh1 Kg7 78. Qe4 Kf6 79. Qf3+
Ke7 80. Qb7+ Ke6 81. Qe4+ Kf6 82. Qf3+ Kg6 83. Qe4+ Kg7 84. Qf5 Qf4 85. Qd5 Kh7
86. Qb7 Kg6 87. Qxa6+ Kh5 88. Qxb5 Qf1+ 89. Kh2 Qf4+ 90. Kh1 1/2-1/2

[Event "European Blitz 2011"]
[Site "Warsaw POL"]
[Date "2011.12.16"]
[Round "3"]
[White "Shimanov, Aleksandr"]
[Black "Nepomniachtchi, Ian"]
[Result "0-1"]
[WhiteTitle "GM"]
[BlackTitle "GM"]
[WhiteElo "2549"]
[BlackElo "2730"]
[WhiteFideId "4198603"]
[BlackFideId "4168119"]
[EventDate "2011.12.16"]

1. Nf3 c5 2. e3 g6 3. d4 Bg7 4. Be2 d5 5. O-O cxd4 6. exd4 Nf6 7. c3 O-O 8. Bf4
Nc6 9. Nbd2 Bf5 10. a4 a6 11. h3 Ne4 12. Re1 Rc8 13. Bf1 Qb6 14. Qb3 Qxb3 15.
Nxb3 h6 16. Bh2 g5 17. a5 e6 18. Nfd2 Nxd2 19. Nxd2 Rfd8 20. Nb3 Bf8 21. Rac1
Nb8 22. Bxb8 Rxb8 23. Nc5 Bxc5 24. dxc5 d4 25. cxd4 Rxd4 26. c6 bxc6 27. Bxa6
Rxb2 28. Ra1 Rd7 29. Bf1 Ra7 30. f3 Kf8 31. Rec1 Bc2 32. a6 Ke7 33. Ra3 Kd6 34.
Rca1 Rb4 35. Kf2 Kc7 36. Ke3 Kb6 37. Kd2 Bg6 38. Kc3 c5 39. Rb3 Rxb3+ 40. Kxb3
Rd7 41. Kc3 e5 42. Ra4 f6 43. h4 Be8 44. hxg5 hxg5 45. Ra1 Ka7 46. Bd3 Bf7 47.
Ra5 Rc7 48. Ra1 c4 49. Be4 Be8 50. Kb4 Bd7 51. Bd5 c3 52. Bc4 c2 53. Kb3 Be6 54.
Bxe6 c1=Q 55. Rxc1 Rxc1 56. Bc4 Rg1 57. g4 Rg3 58. Be2 e4 0-1

[Event "European Blitz 2011"]
[Site "Warsaw POL"]
[Date "2011.12.16"]
[Round "3"]
[White "Movsesian, Sergei"]
[Black "Piorun, Kacper"]
[Result "1-0"]
[WhiteTitle "GM"]
[BlackTitle "IM"]
[WhiteElo "2710"]
[BlackElo "2520"]
[WhiteFideId "310204"]
[BlackFideId "1130420"]
[EventDate "2011.12.16"]

1. e4 e6 2. d4 d5 3. e5 c5 4. c3 Nc6 5. Nf3 Qb6 6. Be2 cxd4 7. cxd4 Nh6 8. Bd3
Nf5 9. Bxf5 exf5 10. Nc3 Be6 11. O-O Be7 12. Na4 Qc7 13. Bg5 O-O 14. Rc1 Rfc8
15. Bxe7 Qxe7 16. Qd2 h6 17. Rc3 b6 18. Rfc1 Qb7 19. h4 Nd8 20. b3 Bd7 21. Nb2
a5 22. Nd3 Ne6 23. Nf4 Nxf4 24. Qxf4 a4 25. b4 Be6 26. a3 Qa6 27. Qe3 Rc4 28.
Nd2 Rxc3 29. Rxc3 Rc8 30. g3 Kh7 31. Kg2 Kg8 32. Rxc8+ Qxc8 33. Nb1 Qc2 34. Nc3
Qb3 35. Nb5 Qc4 36. Nd6 Qc2 37. Nb5 Qc4 38. Nc3 Qb3 39. Ne2 Qb2 40. Nf4 Kh7 41.
h5 Kg8 42. Qd3 Kh7 43. Kf3 Kg8 44. Ne2 Qa2 45. Qc3 Kh7 46. Ke3 Qb1 47. f3 Qa2
48. Kf2 Qb1 49. Nc1 f4 50. g4 g6 51. Ke2 gxh5 52. gxh5 Kg7 53. Kd2 Qf5 54. Nd3
Qxh5 55. Nxf4 Qh2+ 56. Ke3 Qg1+ 57. Kd2 1-0

[Event "European Blitz 2011"]
[Site "Warsaw POL"]
[Date "2011.12.16"]
[Round "4"]
[White "Riazantsev, Alexander"]
[Black "Erdos, Viktor"]
[Result "1/2-1/2"]
[WhiteTitle "GM"]
[BlackTitle "GM"]
[WhiteElo "2710"]
[BlackElo "2623"]
[WhiteFideId "4125029"]
[BlackFideId "719978"]
[EventDate "2011.12.16"]

1. d4 d5 2. c4 c6 3. Nc3 Nf6 4. e3 g6 5. Nf3 Bg7 6. Be2 O-O 7. O-O Be6 8. cxd5
cxd5 9. b3 Nc6 10. a4 Rc8 11. Bb2 Ne4 12. Nxe4 dxe4 13. Nd2 Bd5 14. Bc4 e5 15.
dxe5 Bxe5 16. Qb1 Bxb2 17. Qxb2 Bxc4 18. Nxc4 Nb4 19. Rad1 Nd3 20. Qc3 Qe7 21.
f3 exf3 22. Rxd3 fxg2 23. Kxg2 Qe4+ 24. Rf3 Rc5 25. Qd4 Rg5+ 26. Kf2 Qe6 27. Qf4
Rf5 28. Qg4 Rxf3+ 29. Qxf3 b6 30. Rd4 a6 31. Rd6 Qe7 32. Qf6 Qe4 33. Rd8 Qc2+
34. Kg3 Qxb3 35. Rxf8+ Kxf8 36. Qd8+ Kg7 37. Qd4+ f6 38. Nxb6 Qb1 39. e4 Qe1+
40. Kf3 Qh1+ 41. Kg3 Qe1+ 42. Kf3 Qh1+ 43. Ke3 Qxh2 44. Nd5 Qg1+ 45. Kd3 Qd1+
46. Kc3 Qa1+ 47. Kd3 Qd1+ 48. Ke3 Qe1+ 49. Kf3 Qf1+ 50. Qf2 Qd1+ 51. Kg3 f5 52.
Qb2+ Kh6 53. Qh2+ Kg7 54. Qb2+ Kh6 55. Qh2+ Kg7 56. Qb2+ Kh6 57. Qh2+ 1/2-1/2

[Event "European Blitz 2011"]
[Site "Warsaw POL"]
[Date "2011.12.16"]
[Round "4"]
[White "Dziuba, Marcin"]
[Black "Volokitin, Andrei"]
[Result "1-0"]
[WhiteTitle "GM"]
[BlackTitle "GM"]
[WhiteElo "2589"]
[BlackElo "2695"]
[WhiteFideId "1112953"]
[BlackFideId "14107090"]
[EventDate "2011.12.16"]

1. d4 Nf6 2. c4 g6 3. g3 Bg7 4. Bg2 c5 5. d5 b5 6. d6 Nc6 7. cxb5 Qa5+ 8. Nc3
Bb7 9. bxc6 Bxc6 10. Bxc6 dxc6 11. dxe7 Kxe7 12. Qa4 Qb4 13. a3 Qb6 14. Nf3 Rhd8
15. O-O Kf8 16. Rb1 Kg8 17. Bg5 h6 18. Bxf6 Bxf6 19. Ne4 Bg7 20. Qc2 Rd5 21. Nc3
Rd7 22. Na4 Qb5 23. Nxc5 Re7 24. e3 Rd8 25. Rfd1 Rxd1+ 26. Rxd1 Qxb2 27. Qxb2
Bxb2 28. a4 Ba3 29. Nd7 c5 30. Nde5 Bb4 31. Nc4 Re6 32. Rd6 Re4 33. Nce5 Bc3 34.
Rd5 c4 35. Rc5 Bxe5 36. Nxe5 c3 37. a5 c2 38. Nf3 Ra4 39. Rxc2 Rxa5 40. Nd4 Ra1+
41. Kg2 a5 42. Rc7 a4 43. Ra7 Kg7 44. Nb5 Kf6 45. Nc3 a3 46. Nb5 a2 47. Nc3 Rc1
48. Nxa2 Ra1 49. Ra6+ Ke5 50. Nb4 1-0